=LDR 00000nam 2200000 4500 =001 INLIS000000000009203 =005 20130612101024 =008 ***********************************Ind** =035 ##$$0010-061300000009203 =041 ##$$a Ind =082 ##$$a 294.5 =090 ##$$a 294.5, Sud-t =100 ##$$a Sudharta, Tjokorda Rai =245 ##$$a Tata keagamaan, Manawa Dharmasastra/Manu Dharma sastra Man weda SMRTI, Tjokorda Rai Sudharta =260 ##$$a 1995 $b Denpasar =300 ##$$a xxiii, tata keagamaan No. 1 =650 ##$$a Hinduisme =700 ##$$a Puja, Gede =850 ##$$a NBPNMAT